000 00680nam a2200193 a 4500
001 000732722
003 AM-YeHGA
005 20250617143200.0
008 100430s1968 ru r 000 0 rus d
040 _aAM-YeHGA
041 0 _arus
245 0 0 _aЮность Якутии :
_bСборник /
_cСост.-ред. М.Д. Дьячковский, А.Д. Сыроватский.
260 _aЯкутск :
_bЯкуткнигоиздат,
_c1968.
300 _a352 с. :
_bил.
653 0 _aСоюзы молодежи - Якутск
700 1 _aДьячковский, М.Д.
_eсост.
_4com
700 1 _aСыроватский, А.Д.
_eсост.
_4com
090 _c272542
999 _c270904
_d270904